Thermodynamics: interactive Approach (Record no. 14228)

MARC details
000 -LEADER
fixed length control field 00378nam a2200145Ia 4500
008 - FIXED-LENGTH DATA ELEMENTS--GENERAL INFORMATION
fixed length control field 230312s9999||||xx |||||||||||||| ||und||
020 ## - INTERNATIONAL STANDARD BOOK NUMBER
International Standard Book Number 978-1292113746
082 ## - DEWEY DECIMAL CLASSIFICATION NUMBER
Classification number 541.369
Item number BHA-T
100 ## - MAIN ENTRY--PERSONAL NAME
Personal name Bhattacharjee;Subrata
245 #0 - TITLE STATEMENT
Title Thermodynamics: interactive Approach
260 ## - PUBLICATION, DISTRIBUTION, ETC.
Name of publisher, distributor, etc. Pearsons
Place of publication, distribution, etc. India
Date of publication, distribution, etc. 2016
300 ## - PHYSICAL DESCRIPTION
Extent 718
650 ## - SUBJECT ADDED ENTRY--TOPICAL TERM
Topical term or geographic name entry element Engineering
Form subdivision Mechanical
942 ## - ADDED ENTRY ELEMENTS (KOHA)
Koha item type BOOK
Holdings
Withdrawn status Lost status Source of classification or shelving scheme Damaged status Not for loan Home library Current library Date acquired Total Checkouts Full call number Barcode Date last seen Date last checked out Price effective from Koha item type
    Dewey Decimal Classification     Superior Information Resource Center (SIRC) Superior University- Main Campus Superior Information Resource Center (SIRC) Superior University- Main Campus 03/13/2023 1 541.369 BHA-T 14363 07/03/2023 05/24/2023 03/13/2023 BOOK

Powered by Koha